000
00259nam a2200109Ia 4500
008
190216s9999||||xx |||||||||||||| ||und||
100
_a
Cheriyan M K
245
0
_a
Krishna Gada Soubadrika Katha
260
_b
Vidyarthimithram
650
_a
Kavitha
942
_c
BK
999
_c
26422
_d
26422